000 00647 a2200205 4500
001 133157
020 _a85-262-2830-7
040 _cLeonardo Da Vinci
041 _aPortuguês
_aPortuguês
082 _a372.357 W862ar
_bW862ar
100 _aWOOLFITT, Gabrielle
245 _aAr
260 _bScipione
_c1996
_aSão Paulo
300 _a32
362 _a19960000
490 _aOs elementos
500 _aLila Spinelli (Tradução)
697 _aCiências
_aAr
_aAtmosfera
_aGases no ar
_aRespiração
_aOdor
_aVentos
_aFuracão
_aForça do ar
_aEsporte aérios
_aPoluição do ar
_aPipas
_aPagagaios (Pipas)
_aEnsino Fundamental 2. ciclo
942 _cBK
999 _c133157
_d133157